| 000 | 00550nam a22001817a 4500 | ||
|---|---|---|---|
| 999 |
_c195412 _d195412 |
||
| 005 | 20230327165914.0 | ||
| 010 | _aENG-136512 | ||
| 020 | _c895.00 | ||
| 035 | _aEN-120044 | ||
| 037 | _bDBAD/PUB | ||
| 082 | _a181.4 | ||
| 245 |
_aINTEGRAL HUMANISM; _bRevisited in conteporary India/ _cSHYAM KARTIK MISHRA |
||
| 260 |
_aNEW DELHI _bKUNAL BOOKS _c2019 |
||
| 270 |
_bNEW DELHI _e110002 _a4648/21 1ST FLOOR, ANSARI ROAD,DARYAGANJ |
||
| 300 |
_aXIII 284p; _c22cm(hbk) |
||
| 700 | _aMISHRA,SHYAM KARTIK | ||
| 942 |
_2ddc _cEN _h181.4 _mINT |
||